| 000 | 00730nam a2200265Ia 4500 | ||
|---|---|---|---|
| 003 | OSt | ||
| 005 | 20221006153739.0 | ||
| 006 | a|||||r|||| 00| 0 | ||
| 007 | ta | ||
| 008 | 221006b |||||||| |||| 00| 0 chi d | ||
| 020 | _a9789574440610 | ||
| 024 | _a33,219 | ||
| 037 |
_bGift, PRC _cAnnuals, Advances |
||
| 040 |
_aEASL _cEASL _bchi |
||
| 041 |
_2chi _achi |
||
| 082 | _aO41,4NL1, 41P3 | ||
| 100 |
_aLIU Ke xiang Au. _9665240 |
||
| 245 | 0 | _aXin shi jie sanwen (11) | |
| 260 |
_aTaibei _bJiu ge chu ban she you xian _c2003 |
||
| 300 |
_a317p. _ccm. |
||
| 490 | _v CL | ||
| 650 |
_aCL _9642733 |
||
| 942 |
_hO41,4NL1, 41P3 _cREF _2CC |
||
| 999 |
_c1101305 _d1101305 |
||